LEADER 00971nam a22002531i 4500 001 991000870109707536 005 20040208094845.0 008 040220s1979 it a||||||||||||||||ita 035 $ab12682780-39ule_inst 035 $aARCHE-068112$9ExL 040 $aDip.to Scienze pedagogiche$bita$cA.t.i. Arché s.c.r.l. Pandora Sicilia s.r.l. 082 04$a372.218 100 1 $aBaker, Donald C.$0483095 245 10$aCapire nel gioco il bambino sotto i cinque anni /$cDonald Baker 260 $aBologna :$bCappelli,$cc1979 300 $a190 p. :$bill. ;$c22 cm 440 0$aCome fare 650 4$aGiochi educativi$xScuola materna 907 $a.b12682780$b02-04-14$c17-03-04 912 $a991000870109707536 945 $aLE022 MP 76 L 24 bis$g1$i2022000081658$lle022$o-$pE0.00$q-$rl$s- $t0$u13$v4$w13$x0$y.i13193521$z17-03-04 996 $aCapire nel gioco il bambino sotto i cinque anni$9270920 997 $aUNISALENTO 998 $ale022$b17-03-04$cm$da $e-$fita$git $h0$i1 LEADER 01624nam 2200469z- 450 001 9910220036003321 005 20210211 035 $a(CKB)3800000000216417 035 $a(oapen)https://directory.doabooks.org/handle/20.500.12854/43043 035 $a(oapen)doab43043 035 $a(EXLCZ)993800000000216417 100 $a20202102d2017 |y 0 101 0 $aeng 135 $aurmn|---annan 181 $ctxt$2rdacontent 182 $cc$2rdamedia 183 $acr$2rdacarrier 200 00$aCharophytes: Evolutionary Ancestors of Plants and Emerging Models for Plant Research 210 $cFrontiers Media SA$d2017 215 $a1 online resource (150 p.) 225 1 $aFrontiers Research Topics 311 08$a2-88945-164-X 330 $aThe charophytes are the group of green algae that are anestral and most closely related to land plants. Today, these organisms are not only important in evoutionary studies but have become outstanding model organisms for plant research. 517 $aCharophytes 606 $aBotany & plant sciences$2bicssc 610 $aCell Biology 610 $aChara 610 $aCharophytes 610 $aevolution 610 $aMicrasterias 610 $aModel organisms 610 $aPenium 610 $aplant 615 7$aBotany & plant sciences 700 $aZo$4auth$01287769 702 $aDavid S. Domozych$4auth 702 $aA. Popper$4auth 702 $aIben Sorensen$4auth 906 $aBOOK 912 $a9910220036003321 996 $aCharophytes: Evolutionary Ancestors of Plants and Emerging Models for Plant Research$93020371 997 $aUNINA